| 000 | 00486nam a2200181Ia 4500 | ||
|---|---|---|---|
| 003 | GCL | ||
| 008 | 140319s9999 xx 000 0 eng d | ||
| 040 |
_aGCL / _cGCL |
||
| 082 | 0 | 4 |
_a364.09 _bBG |
| 100 | 1 | _aBELLEMARE, PIERRE | |
| 245 | 1 | 0 |
_aLES GRANS CRIMES DE L'HISTOIRE :TOME I,II / _cBELLEMARE, PIERRE |
| 700 | 1 | _aNAHMIAS, JEAN-FRANCOIS | |
| 260 |
_a[S.N] : _bEDITION NO 1 ، _c1984 |
||
| 650 | 0 | 4 | _aHISTORY |
| 650 | 0 | 4 | _aCRIMES |
| 650 | 0 | 4 | _aCRIMINAL OFFENSES |
| 942 |
_2ddc _cBK |
||
| 999 |
_c25359 _d25359 |
||